=LDR 00000nam 2200000 4500 =001 INLIS00000000000010 =005 20260702043538 =020 ##$$a 979-3931-93-0 =082 ##$$a 025.754 =100 1#$$a Eni Purwanti,Skm,M.Kes =245 1 $$a Asuhan Kebidanan Untuk Ibu Nifas /$c Eni Purwanti,Skm,M.Kes =300 ##$$a 146 ; 15,5x25